00398nam a2200157Ia 4500008004100000020001800041082001400059100002200073245002300095250000800118260004200126300002300168500001900191600001500210650001500225240925s9999 xx 000 0 und d a9789332551992 a658.3 PHI aPhillips, Jean M. 0aStrategic Staffing a3rd aNew Delhi:bPearson Educationc,2015. a558p.b0fOriginal aIncludes Index aManagement aManagement